Niềm tin và sự thực hành tịnh độ trong văn hóa Phật giáo Korea thời Tam Quốc và thời Shilla thống nhất - So sánh với Việt Nam thời Lý - Trần /

Đã lưu trong:
Bibliografiske detaljer
Hovedforfatter: Lê Viết Phương Thảo.
Format: Bài viết
Sprog:Vietnamese
Fag:
Tags: Tilføj Tag
Ingen Tags, Vær først til at tagge denne postø!
Thư viện lưu trữ: Thư viện Trường Đại học Đà Lạt
LEADER 00958nam a2200289 4500
001 DLU210195660
005 ##20210121
040 # # |a DLU  |b vie 
041 # # |a vie 
044 # # |a vn 
100 # # |a Lê Viết Phương Thảo. 
245 # # |a Niềm tin và sự thực hành tịnh độ trong văn hóa Phật giáo Korea thời Tam Quốc và thời Shilla thống nhất - So sánh với Việt Nam thời Lý - Trần /  |c Lê Viết Phương Thảo. 
653 # # |a Hàn Quốc 
653 # # |a Thực hành Tịnh độ 
653 # # |a Văn hóa Phật giáo 
653 # # |a Việt Nam  
773 # # |t Nghiên cứu Đông Bắc Á  |g Số 1(215), 2019, tr. 52-61 
920 # # |a Phòng Tạp chí -- Trung tâm Thông tin - Thư viện Trường Đại học Đà Lạt 
933 # # |a LS 
994 # # |a DLU 
900 # # |a True 
911 # # |a Hoàng Thị Huyền 
925 # # |a G 
926 # # |a A 
927 # # |a BB 
980 # # |a Thư viện Trường Đại học Đà Lạt